000 00770nam a2200193Ii 4500
003 JO-AjNU
008 230605s9999||||xx |||||||||||||| ||und||
040 _aJO-AjNU
_bara
_erda
_cJO-AjNU
041 _aara
050 1 4 _aLG395.2013
100 3 _aجامعة عجلون الوطنية ,
_eauthor
_946208
245 0 0 _aجامعة عجلون الوطنية = Ajloun National University :الكتاب السنوي للفوج الأول 2012-2013
264 3 1 _aعجلون: جامعة عجلون الوطنية، 2013
300 _a116ص
336 _atext
_btxt
_2rdacontent
337 _aunmediated
_bn
_2rdamedia
338 _avolume
_bnc
_2rdacarrier
650 4 _aالتعلم والتعليم -- جامعة عجلون الوطنية -- الكتاب السنوي
_946209
999 _aA20085
_c23653
_d23653